Dunya bhar se qadeem o jadedd hikāyāt kā insāʼiklopīḍiyā / (Record no. 332498)
[ view plain ]
| 000 -LEADER | |
|---|---|
| fixed length control field | 01212cam a22003257a 4500 |
| 001 - CONTROL NUMBER | |
| control field | 13652505 |
| 003 - CONTROL NUMBER IDENTIFIER | |
| control field | NUST |
| 005 - DATE AND TIME OF LATEST TRANSACTION | |
| control field | 20210203163220.0 |
| 008 - FIXED-LENGTH DATA ELEMENTS--GENERAL INFORMATION | |
| fixed length control field | 010518s2000 pk 000 0 urd |
| 010 ## - LIBRARY OF CONGRESS CONTROL NUMBER | |
| LC control number | 2001289411 |
| 020 ## - INTERNATIONAL STANDARD BOOK NUMBER | |
| International Standard Book Number | 9695031943 |
| 025 ## - OVERSEAS ACQUISITION NUMBER | |
| Overseas acquisition number | P-U-2001289411; 01 |
| 035 ## - SYSTEM CONTROL NUMBER | |
| System control number | (DLC) 2001289411 |
| 038 ## - RECORD CONTENT LICENSOR | |
| Staff Name | Arshad |
| 040 ## - CATALOGING SOURCE | |
| Original cataloging agency | DLC |
| Transcribing agency | DLC |
| Modifying agency | DLC |
| 042 ## - AUTHENTICATION CODE | |
| Authentication code | lcode |
| 050 00 - LIBRARY OF CONGRESS CALL NUMBER | |
| Classification number | MLCMA 2011/00755 (B) |
| 082 ## - DEWEY DECIMAL CLASSIFICATION NUMBER | |
| Classification number | 297.030 |
| Author Mark | DUN |
| 245 10 - TITLE STATEMENT | |
| Title | Dunya bhar se qadeem o jadedd hikāyāt kā insāʼiklopīḍiyā / |
| Statement of responsibility, etc. | Tehqeeq o taleef, Shahida Latif |
| 260 ## - PUBLICATION, DISTRIBUTION, ETC. | |
| Place of publication, distribution, etc. | Lāhaur : |
| Name of publisher, distributor, etc. | Al-Faisal nashran, |
| Date of publication, distribution, etc. | 2006 |
| 300 ## - PHYSICAL DESCRIPTION | |
| Extent | 672 p. ; |
| Dimensions | 23 cm. |
| 520 ## - SUMMARY, ETC. | |
| Summary, etc. | An encyclopaedia of noble sayings of Muslim prophets and companions of Prophet Muhammad, d. 632. |
| 546 ## - LANGUAGE NOTE | |
| Language note | In Urdu. |
| 653 #0 - INDEX TERM--UNCONTROLLED | |
| Uncontrolled term | Islamic stories |
| 880 ## - ALTERNATE GRAPHIC REPRESENTATION | |
| Linkage | 245-02\(3\r |
| Title | دنیا بھر سے قدیم و جدید حکایات کا انسائیکلوپیڈیا |
| c | تحقیق و تالیف، شاہدہ لطیف |
| 880 ## - ALTERNATE GRAPHIC REPRESENTATION | |
| Linkage | 260-03\(3\r |
| Title | لاہور: |
| b | الفیصل ناشران، |
| c | 2006 |
| 906 ## - LOCAL DATA ELEMENT F, LDF (RLIN) | |
| a | 7 |
| b | cbc |
| c | origode |
| d | 3 |
| e | ncip |
| f | 20 |
| g | y-gencatlg |
| 942 ## - ADDED ENTRY ELEMENTS (KOHA) | |
| Source of classification or shelving scheme | |
| Koha item type | Encyclopedia |
| Withdrawn status | Lost status | Source of classification or shelving scheme | Damaged status | Not for loan | Permanent Location | Current Location | Shelving location | Date acquired | Total Checkouts | Total Renewals | Full call number | Barcode | Date last seen | Date last checked out | Copy number | Price effective from | Koha item type |
|---|---|---|---|---|---|---|---|---|---|---|---|---|---|---|---|---|---|
| Central Library (CL) | Central Library (CL) | First Floor - Islam | 12/11/2017 | 2 | 2 | 297.030 DUN | CL3130 | 08/05/2021 | 04/26/2021 | 1 | 12/11/2017 | Reference |
